General Knowledge #4 - Statistics

General Stats
  • This quiz has been taken 47 times
  • The average score is 5 of 10
Answer Stats
Hint Answer % Correct
Name the second planet from the sun Venus
91%
By land size, what is the largest country in Africa? Algeria
69%
What is the newest country on earth? South Sudan
58%
Which country ended up breaking into 7? Yugoslavia
56%
Name the composer who made "Fur Elise" Ludwig Van Beethoven
51%
In what year was the original "Bohemian Rhapsody" released? 1975
44%
If X=5, what does 6X divided by 4 equal? 15
38%
Who was the 16th president of the USA? Abraham Lincoln
38%
What was Albert Einstein's IQ? 160
36%
The song "Clocks" is by what English band? Coldplay
33%
No matching quizzes found
Score Distribution
Percent of People with Each Score
Percentile by Number Answered
Your Score History
You have not taken this quiz